000 00562nam a2200193Ia 4500
005 20250326145407.0
008 250326s9999 xx 000 0 und d
037 _aTextbook
040 _aFMSL
_beng
_cFMSL
041 _aeng
_2eng
084 _aX:8 Q5
_qFMSL
100 _aLessem R
_9740625
245 0 _aTransformantion management: towards the integral enterprise
_cLessem R; Schieffer A
260 _aUnited Kingdom
_bUnited Kingdom, Gower
_c2015
365 _b3495
650 _aManagement
942 _cTB
_hX:8 Q5
999 _c1307430
_d1307430